• 首页
  • 本馆介绍
  • 公告通知
  • 最新文献
  • 馆藏检索
  • 电子资源
  • 读者导购
  • 参考咨询
  • 我的图书馆
  • 登录
  • 详细信息显示
  • 放入我的书架
  • 预约/预借图书
  • 作者相关作品
  • 分类相关作品
  • 丛书相关作品
  • 出版社相关作品

书目信息

  • 表格格式
  • 工作单格式
  • 卡片格式
题名:
万物皆书卷
    
 
作者: 叶圣陶, 著
分册:  
出版信息: 北京   中国文史出版社  2022.04
页数: 233页
开本: 22cm
丛书名: 百年中国记忆·名家谈读书丛书
单 册:
中图分类: G792-53
科图分类:
主题词: 读书方法--Du Shu Fang Fa--文集
电子资源:
ISBN: 978-7-5205-3323-2
000 01002nam 2200277 450
001 012001001364
005 20140201141724.0
010    @a978-7-5205-3323-2@dCNY59.80
099    @aCAL 012022048930
100    @a20220905d2022 em y0chiy50 ea
101 0  @achi
102    @aCN@b110000
105    @ay z 000yy
106    @ar
200 1  @a万物皆书卷@AWan Wu Jie Shu Juan@e叶圣陶谈读书@f叶圣陶著
210    @a北京@c中国文史出版社@d2022.04
215    @a233页@d22cm
225 2  @a百年中国记忆·名家谈读书丛书@ABai Nian Zhong Guo Ji Yi·Ming Jia Tan Du Shu Cong Shu
330    @a本书精选叶圣陶关于读书的散文40余篇, 分别从为什么要读书、读书的方法、读物的选择、“读”以致用等四个方面谈了对读书的理解。
410  0 @12001 @a百年中国记忆·名家谈读书丛书
517 1  @a叶圣陶谈读书@AYe Sheng Tao Tan Du Shu
606 0  @a读书方法@ADu Shu Fang Fa@j文集
690    @aG792-53@v5
701  0 @a叶圣陶,@AYe Sheng Tao@f1894-1988@4著
801  0 @aCN@bAHXH@c20221111
905    @b1366193-7@dG792-53@e2785@f5
    
    万物皆书卷:叶圣陶谈读书/叶圣陶著.-北京:中国文史出版社,2022.04
    233页;22cm.-(百年中国记忆·名家谈读书丛书)
    
    
    ISBN 978-7-5205-3323-2:CNY59.80
    本书精选叶圣陶关于读书的散文40余篇, 分别从为什么要读书、读书的方法、读物的选择、“读”以致用等四个方面谈了对读书的理解。
●
相关链接 在E读中查询图书 在五车中查询图书 在当当中查询图书 在豆瓣中查询图书


正题名:万物皆书卷     索取号:G792-53/2785         预约/预借

序号 登录号 条形码 馆藏地/架位号 状态 备注
1 1366193   213661937   第一样本阅览室/ [索取号:G792-53/2785] 在馆    
2 1366194   213661946   教育系资料室/ [索取号:G792-53/2785] 在馆    
3 1366195   213661955   教育系资料室/ [索取号:G792-53/2785] 在馆    
4 1366196   213661964   第四借阅区/ [索取号:G792-53/2785] 在馆    
5 1366197   213661973   第四借阅区/ [索取号:G792-53/2785] 在馆    
唐山师范学院图书馆 欢迎您!
大连网信软件有限公司© 版权所有